banner-ar

مدخل الى الادب / (Record no. 43244)

MARC details
000 -الفاتح
حقل البيانات ثابتة الطول 00524nam a2200181Ia 4500
008 - عناصر البيانات ثابتة الطول - معلومات عامة
حقل البيانات ثابتة الطول 140319s9999 xx 000 0 ara d
040 ## - مصدر الفهرسة
وكالة الفهرسة الأصلية GCL /
وكالة النسخ GCL
082 04 - رقم تصنيف ديوى العشرى
رقم التصنيف 801.95
رقم المادة ف م
100 1# - المدخل الرئيسى - إسم شخصى
الإسم الشخصى مصطفى ماهر
245 10 - بيان العنوان
العنوان مدخل الى الادب /
بيان المسئوليه,etc مصطفى ماهر
700 1# - المدخل الاضافى - اسم شخصى
الإسم الشخصى مصطفى فودة
700 1# - المدخل الاضافى - اسم شخصى
الإسم الشخصى فوجية، اميل
300 ## - الوصف المادى
التعداد 190 ص
490 ## - بيان السلسلة
عنوان السلسلة الالف كتاب
رقم المجلد/ التعيين التسلسلي 0
650 04 - المدخل الاضافى بالموضوع-مصطلح موضوعى
مصطلح موضوعي الادب - تاريخ ونقد
942 ## - عناصر المدخل الإضافي( كوها)
مصدر التصنيف او مخطط الترفيف Dewey Decimal Classification
Koha [default] item type كتاب
100 1# - المدخل الرئيسى - إسم شخصى
-- Annotator
--
-- …علق
Holdings
حالة التراجع حالة الفقد حالة تلف ليس للاعارة المكان المؤقت الموقع الحالى تاريخ الاكتساب اجمالي اﻻعارات رقم الطلب الباركود تاريخ اخر مشاهدة تاريخ تفعيل السعر نوع وعاء كوها
        مكتبة القاهرة الكبرى مكتبة القاهرة الكبرى 03/26/2014   801.95\ف م 104625 03/26/2014 03/26/2014 كتاب

Powered By

EGPV